Most Visited Countries by Australians - Statistics

General Stats
  • This quiz has been taken 90,936 times
    32,906 since last reset
  • The average score is 13 of 15
Answer Stats
# Country % Correct
667,100 United States
99%
1,263,530 New Zealand
98%
446,570 China
95%
509,100 Japan
95%
604,980 United Kingdom
95%
1,368,050 Indonesia
94%
157,510 France
92%
488,980 India
88%
500,870 Thailand
86%
332,640 Vietnam
80%
311,760 Italy
77%
241,790 Malaysia
77%
326,200 Singapore
72%
233,170 Philippines
70%
387,470 Fiji
68%
No matching quizzes found
Score Distribution
Percent of People with Each Score
Percentile by Number Answered
Your Score History
You have not taken this quiz since the last reset